CLOUD COMPUTING : A Practical Approach (Record no. 5193)

MARC details
000 -LEADER
fixed length control field 00395nam a22001577a 4500
005 - DATE AND TIME OF LATEST TRANSACTION
control field 20230601110453.0
008 - FIXED-LENGTH DATA ELEMENTS--GENERAL INFORMATION
fixed length control field 160905b xxu||||| |||| 00| 0 eng d
020 ## - INTERNATIONAL STANDARD BOOK NUMBER
ISBN 978-0-07-068-351-8
041 ## - LANGUAGE CODE
Language code of text/sound track or separate title eng
100 ## - MAIN ENTRY--AUTHOR NAME
Personal name VELTE,ANTHONY T
245 ## - TITLE STATEMENT
Title CLOUD COMPUTING : A Practical Approach
260 ## - PUBLICATION, DISTRIBUTION, ETC. (IMPRINT)
Name of publisher MCGROW HILL
300 ## - PHYSICAL DESCRIPTION
Number of Pages 326
650 ## - SUBJECT ADDED ENTRY--TOPICAL TERM
Topical Term INFORMATION TECHNOLOGY
942 ## - ADDED ENTRY ELEMENTS (KOHA)
Koha item type Books
Holdings
Lost status Damaged status Collection code Home library Current library Shelving location Date acquired Source of acquisition Cost, normal purchase price Full call number Accession Number Koha item type
    Reference JRU Library JRU Library SHELF-6-C 05/09/2016 PURCHASE 635.00 004.65 21017 Books
    CS/IT JRU Library JRU Library SHELF-49-I 05/09/2016 PURCHASE 635.00 004.65 21018 Books
    CS/IT JRU Library JRU Library SHELF-49-I 05/09/2016 PURCHASE 635.00 004.678 21019 Books